Sports Quiz

Random Sports or MLB Quiz

Pitchers in MLB with 5000+ IP Quiz Stats

 Plays Quiz not verified by Sporcle

Challenge
Share
Tweet
Score 0/13 Timer 06:00
0 Plays Today
IP Pitcher % Correct
7.356.0 IPCy Young
97.6%
5386.0 IPNolan Ryan
96.3%
5.914.1 IPWalter Johnson
95.1%
5008.1 IPGreg Maddux
79.3%
5.404.1 IPPhil Niekro
75.6%
5217.1 IPSteve Carlton
75.6%
5190.0 IPPete Alexander
75.6%
5.243.2 IPWarren Spahn
62.2%
5350.1 IPGaylord Perry
59.8%
5282.1 IPDon Sutton
59.8%
5.941.1 IPJim Galvin
57.3%
5056.1 IPKid Nichols
53.7%
5049.2 IPTim Keefe
40.2%

You're not logged in!

Compare scores with friends on all Sporcle quizzes.
Join for Free
OR
Log In

You Might Also Like...

Show Comments

Extras

Top Quizzes Today


Score Distribution

Your Account Isn't Verified!

In order to create a playlist on Sporcle, you need to verify the email address you used during registration. Go to your Sporcle Settings to finish the process.

Report this User

Report this user for behavior that violates our Community Guidelines.

Details: